Jatiya andulan aru sangbidhanik kramabikash. (Record no. 825)

MARC details
000 -LEADER
fixed length control field 00501cam a2200181ua 4500
008 - FIXED-LENGTH DATA ELEMENTS--GENERAL INFORMATION
fixed length control field 110423n ii |||gr||||Z||||||eng
040 ## - CATALOGING SOURCE
Transcribing agency MAIN
082 ## - DEWEY DECIMAL CLASSIFICATION NUMBER
Classification number 322.4454
245 1# - TITLE STATEMENT
Title Jatiya andulan aru sangbidhanik kramabikash.
Statement of responsibility, etc. By Thaneswar Lahon.
250 ## - EDITION STATEMENT
Edition statement 1st.
260 ## - PUBLICATION, DISTRIBUTION, ETC.
Place of publication, distribution, etc. Dibrugarh.:
Name of publisher, distributor, etc. Students emporium.,998.
300 ## - PHYSICAL DESCRIPTION
Extent 191 p.:
Dimensions 21 cm.
700 1# - ADDED ENTRY--PERSONAL NAME
Personal name Lahon, Thaneswar.,
942 ## - ADDED ENTRY ELEMENTS (KOHA)
Koha item type Books
653 ## - INDEX TERM--UNCONTROLLED
Uncontrolled term Political science.
653 ## - INDEX TERM--UNCONTROLLED
Uncontrolled term Jatia andulan aru sangbidhanik kramabikash.
Holdings
Withdrawn status Lost status Damaged status Not for loan Home library Current library Shelving location Date acquired Total Checkouts Full call number Barcode Date last seen Copy number Price effective from Koha item type
        Naharkatiya College Library Naharkatiya College Library General Stacks 19/09/2020   322.4454 | LAH 1005 19/09/2020 1 19/09/2020 Books

Naharkatiya College © 2020. All rights reserved.

Powered By